00538nam a2200181Ia 450000500170000000800410001702000150005808200130007310000170008624500530010326000390015630000180019565000170021365000120023094200060024295200950024899900130034320240701030256.0240331s9999 xx 000 0 und d a1557866031 a149bCHA aCahoone, L.E 0aFrom modernism to postmodernism :ban anthology aUKbBlackwell Publishers Ltdc1996 axvi, 731 p ., aCivilization aCritics cL 001040708LaWERCLbWERCLcSSCd2024-03-31l0o 149 CHAp2538r2024-03-31w2024-03-31yL c726d726